• 首页
  • 本馆介绍
  • 公告通知
  • 最新文献
  • 馆藏检索
  • 电子资源
  • 读者导购
  • 参考咨询
  • 我的图书馆
  • 登录
  • 详细信息显示
  • 放入我的书架
  • 预约/预借图书
  • 作者相关作品
  • 分类相关作品
  • 丛书相关作品
  • 出版社相关作品

书目信息

  • 表格格式
  • 工作单格式
  • 卡片格式
题名:
齐民要术
    
 
作者: 贾思勰 撰
分册:  
出版信息: 北京   团结出版社  1996.12
页数: 467页
开本: 19cm
丛书名:
单 册:
中图分类: S-092.39
科图分类:
主题词: 农业史 , 农学--自然科学史
电子资源:
ISBN: 7-80130-021-1
000 00575nam0 2200205 45
001 0405210960
005 20040521090141.6
010    @a7-80130-021-1@dCNY21.60
100    @a20040521d1996 km y0chiy0120 ea
101 0  @achi
105    @a z 000yy
200 1  @a齐民要术@AQi Min Yao Shu@f(北魏)贾思勰撰@F(Bei Wei)Jia Si Xie Zhuan
210    @a北京@c团结出版社@d1996.12
215    @a467页@d19cm
606 0  @a农业史
606 0  @a农学@x自然科学史
690    @aS-092.39@v3
701  0 @a贾思勰@4撰
801    @aCN@bPftUser@c20040521
905    @f2@b282424-425@dS-092.39@e17≈2
    
    齐民要术/(北魏)贾思勰撰.-北京:团结出版社,1996.12
    467页;19cm
    
    
    ISBN 7-80130-021-1:CNY21.60
    
●
相关链接 在E读中查询图书 在五车中查询图书 在当当中查询图书 在豆瓣中查询图书


正题名:齐民要术     索取号:S-092.39/17≈2         预约/预借

序号 登录号 条形码 馆藏地/架位号 状态 备注
1 0282424   002824242   第三借阅区/ [索取号:S-092.39/17≈2] 在馆    
2 0282425   002824251   第三借阅区/ [索取号:S-092.39/17≈2] 在馆    
3 0282426   002824260   第二样本阅览室/ [索取号:S-092.39/17≈2] 在馆    
唐山师范学院图书馆 欢迎您!
大连网信软件有限公司© 版权所有